000 01199cad a22002175a 4500
001 L138785
008 070711e20070705xxk f 000 0 eng d
035 _a(Sirsi) u138785
041 0 _aeng
110 2 _aAtkins
_95263
245 0 0 _aHalf of women encounter discrimination at work
_h[electronic resource]
260 _c2007
490 0 _aAtkins News Release
_v5 July 2007
520 _aA survey by design and engineering consultancy, Atkins, reveals that 54% of women in Britain have experienced gender inequality in the workplace. In the construction and engineering sector, one fifth of women feel they are unable to reach middle management positions and half feel they cannot achieve senior management positions. In addition, if more women were working in architecture, engineering and construction, 52% of all women surveyed said they would contemplate a career in this field.
590 _aKA NTK
651 4 _aUnited Kingdom
_y
690 _aMANAGEMENT-BUSINESS MANAGEMENT-DISCRIMINATION-GENDER DISCRIMINATION
690 _aBUILT ENVIRONMENT
856 4 0 _uhttps://www.atkinsglobal.com/news/25360/7421470_Internet
_zView the item free of charge at www.atkinsglobal.com...
942 _n0
999 _c78990
_d78990